|
|
|
|
| LEADER |
00000nab a2200000 a 4500 |
| 001 |
vtls000459446 |
| 003 |
SK-MaSNL |
| 005 |
20260319075351.0 |
| 008 |
180320c1992 xo 0 hun |
| 015 |
|
|
|a SNBRB19rr/mm-uuuuu
|
| 035 |
|
|
|a CL0459578
|
| 040 |
|
|
|a SNKBUCL
|b slo
|c SNKBUCL
|e AACR2
|
| 041 |
0 |
|
|a hun
|
| 044 |
|
|
|a xo
|c SK
|
| 080 |
|
|
|a 82:929:885.0=945.11
|2 1981
|
| 080 |
|
|
|a 929
|2 1981
|
| 080 |
|
|
|a 885.0=945.11
|2 1981
|
| 080 |
|
|
|a 885.0
|2 1981
|
| 080 |
|
|
|a 929 Kolář, Jiří
|2 1981
|
| 100 |
1 |
|
|a Tőzsér, Árpád,
|d 1935-
|4 aut
|9 89438
|
| 245 |
1 |
0 |
|a Mindennapi komédia
|b (Jiří Kolář szövegmontázsa elé.)
|c Árpád Tőzsér ; Jiří Kolář
|
| 600 |
1 |
7 |
|a Kolář, Jiří
|d 1914-
|x tvorba literárna - články úvodné
|2 snkbucl
|9 973114
|
| 655 |
|
7 |
|a články z novín a časopisov
|2 snkbucl
|9 267496
|
| 655 |
|
7 |
|a články z odboru literárna veda a krásna literatúra
|2 snkbucl
|9 770045
|
| 773 |
0 |
|
|t Irodalmi szemle
|g Roč. 35, č. 6 (1992), s. 580-581
|
| 850 |
|
|
|a Slovenská národná knižnica v Martine
|a MTA001
|
| 852 |
|
|
|a SNK
|b KIS3GCP
|
| 958 |
|
|
|a RK
|
| 958 |
|
|
|a CZ
|
| 958 |
|
|
|a HU
|
| 958 |
|
|
|a LX
|
| 992 |
|
|
|a RBX
|
| 999 |
|
|
|c 1556029
|d 1557959
|